Responses for Show #4379 - Thursday, September 25, 2003

2003 Back to School Week game 4.

Contestants

[<< previous game]

Ashley Smith, an eleven-year-old seventh-grader from Greencastle, Indiana

Deirdre Kessler, a ten-year-old from Brooklyn, New York

Ranz Errazo, a sixth-grader from Goose Creek, South Carolina

[next game >>]

Jeopardy! Round responses

STATE CAPITALS
C D "B"
IN THE BOOKSTORE
BASEBALL
4-LETTER BODY PARTS
WEBSTER'S 3rd P. 2004
    $200 2
Boise

Ranz
    $200 8
badminton

Deirdre
    $200 1
Charlie and the Chocolate Factory

Ashley
    $200 15
Barry Bonds

Triple Stumper
    $200 17
hair

Ashley
    $200 18
a saloon

Deirdre
    $400 6
Delaware

Ashley
    $400 11
Buddha

Deirdre
    $400 3
Holes

Ranz
    $400 23
the Chicago Cubs

Deirdre
    $400 27
your skin

Ranz
    $400 19
(Ashley: What is a bass?)

salmon

Ashley
Triple Stumper
    $600 7
Albany

Ranz
    $600 12
bobsled

Ranz
    $400 4
(Ranz: I honestly don't know this one.)

Hoot

Ranz
    $600 24
(Deidre: What is first base?)
(Ashley: What is pitcher?)

catcher

DeirdreAshley
Triple Stumper
    $600 28
a vein

Ranz
    $600 20
sally

Deirdre
    $800 9
Austin

Ashley
    $800 13
Brazil

Ashley
    $800 5
The Magic Treehouse

Ashley
    $800 25
Anaheim

Deirdre
    $800 29
the iris (or lens, cone, rods, or uvea)

Ashley
    $800 21
a salon

Deirdre
    $1000 10
New Jersey

Ashley
    $1000 14
a barometer

Ranz
    $1000 16
Artemis Fowl

Ranz
    $1000 26
Randy Johnson

Deirdre
    $1000 30
lung

Triple Stumper
    $1000 22
salmonella

Deirdre

Scores at the first commercial break (after clue 15):

Ranz Deirdre Ashley
$2,400 $600 $4,000

Scores at the end of the Jeopardy! Round:

Ranz Deirdre Ashley
$4,400 $4,800 $4,000

Double Jeopardy! Round responses

SOUTH AMERICA
AROUND THE YEAR
WILDLIFE
DISNEY MANIA
PIANO LESSONS
ABBREVIATIONS
    $400 6
the Amazon

Ashley
    $400 11
(Deidre: What is the Sun?)

the Moon

Deirdre
Triple Stumper
    $400 26
a skunk

Ranz
    $400 16
Piglet

Deirdre
    $400 1
a sharp

Ashley
    $400 21
headquarters

Ranz
    $800 7
Chile

Ashley
    $800 12
Julius Caesar

Deirdre
    $800 27
the monarch

Deirdre
    $800 17
Ursula

Ashley
    $800 2
the thumb

Triple Stumper
    $800 22
IA

Ranz
    $1200 8
Buenos Aires

Deirdre
    $1200 13
the Jewish calendar

Ranz
    $3,700 28
(Deidre: What is a thrush?)

the robin

Deirdre
    $1200 18
Epcot

Ashley
    $1200 3
C

Ashley
    $1200 23
lower case

Ranz
    $1600 9
the Andes

Ashley
    $1600 14
(Deirdre: What is the International Date Line?)

the equator

DeirdreAshley
    $1600 29
the hornet

Triple Stumper
    $1600 19
Baloo

Ashley
    $1600 4
Suzuki

Triple Stumper
    $1600 24
prefix & suffix

Ranz
    $2000 10
Angel Falls

Deirdre
    $2,000 15
(Ashley: What is August?)

June

Ashley
    $2000 30
newts (or salamanders)

Deirdre
    $2000 20
The Parent Trap

Deirdre
    $2000 5
staccato

Ashley
    $2000 25
isthmus

Ranz

Scores at the end of the Double Jeopardy! Round:

Ranz Deirdre Ashley
$12,000 $8,300 $13,600

[wagering suggestions for these scores]

Final Jeopardy! Round responses

SPORTS STARS
DeirdreWho is Magic Johns ?
$3,700
RanzWho is ?
$1,000
AshleyWho is ?
$11,000
Tiger Woods

Final scores:

Ranz Deirdre Ashley
$11,000 $4,600 $2,600
Winner: $11,000 + Classroom Jeopardy! + a $1,000 Dell Computer gift certificate 2nd place: $2,000 + Classroom Jeopardy! + a $1,000 Dell Computer gift certificate 3rd place: $1,000 + Classroom Jeopardy! + a $1,000 Dell Computer gift certificate

Game dynamics:

Coryat scores:

Ranz Deirdre Ashley
$12,400 $12,000 $15,600
15 R,
1 W
(including 1 DD)
16 R,
4 W
(including 1 DD)
18 R,
3 W
(including 1 DD)

Combined Coryat: $40,000

[game clues] [game scores] [suggest correction]

Game tape date: 2003-08-26
The J! Archive is created by fans, for fans. Scraping, republication, monetization, and malicious use prohibited; this site may use cookies and collect identifying information. See terms. The Jeopardy! game show and all elements thereof, including but not limited to copyright and trademark thereto, are the property of Jeopardy Productions, Inc. and are protected under law. This website is not affiliated with, sponsored by, or operated by Jeopardy Productions, Inc. Join the discussion at JBoard.tv.